[Event "ch-NCA 2011"]
[Site "Managua NCA"]
[Date "2011.03.20"]
[Round "9.4"]
[White "Flores,Man"]
[Black "Velasquez,Ro"]
[Result "1-0"]
[WhiteElo "2012"]
[BlackElo "2035"]

1.Nf3 Nf6 2.g3 g6 3.Bg2 Bg7 4.c4 O-O 5.O-O d6 6.d4 Nc6 7.Nc3 Bg4 8.h3 Bxf3
9.Bxf3 Nd7 10.e3 e5 11.Ne2 Qf6 12.Bg2 exd4 13.Bxc6 bxc6 14.exd4 Qe6 15.Nf4 Qxc4
16.Be3 Qb5 17.Qc2 a5 18.Rac1 Ra6 19.Rfd1 Nf6 20.Rd3 Nd5 21.Rb3 Nxe3 22.fxe3 Qg5
23.Kh2 a4 24.Rb7 Qd8 25.Qc4 Qa8 26.Rxc7 Rb8 27.Qxf7+  1-0

[Event "TCh-SUI 2011"]
[Site "Switzerland SUI"]
[Date "2011.03.20"]
[Round "2.3"]
[White "Brunner,L"]
[Black "Zueger,B"]
[Result "1/2-1/2"]
[WhiteElo "2447"]
[BlackElo "2417"]

1.Nf3 Nf6 2.c4 g6 3.g3 Bg7 4.Bg2 O-O 5.O-O d6 6.Nc3 a6 7.b3 c6 8.Bb2 b5 9.d3 Bb7
10.Qc2 Nbd7 11.Nd2 Rb8 12.Rab1 c5 13.Bxb7 Rxb7 14.Nce4 Qc7 15.Rfc1 bxc4 16.dxc4 Qc6
17.Rd1 Rfb8 18.Bc3 Ra8  1/2-1/2

[Event "12th ch-EUR"]
[Site "Aix-les-Bains FRA"]
[Date "2011.04.02"]
[Round "11.98"]
[White "Kreisl,R"]
[Black "Gallagher,Jo"]
[Result "0-1"]
[WhiteElo "2394"]
[BlackElo "2500"]

1.Nf3 Nf6 2.c4 g6 3.g3 Bg7 4.Bg2 O-O 5.O-O d6 6.d4 Nc6 7.Nc3 a6 8.d5 Na5
9.b3 Rb8 10.Nd4 e5 11.Nc2 Ng4 12.e4 f5 13.Qd3 b6 14.f3 Nh6 15.b4 Nb7 16.Be3 Qe7
17.Rab1 Nd8 18.c5 Ndf7 19.cxb6 cxb6 20.b5 f4 21.Bf2 fxg3 22.hxg3 axb5 23.Nb4 Qf6
24.Be3 Ng5 25.Qd2 Nhf7 26.Kh2 h5 27.Nxb5 h4 28.g4 h3 29.Bh1 Bh6 30.Nc7 Rb7
31.Ne6 Bxe6 32.dxe6 Qxe6 33.Nd5 Kg7 34.Rxb6 Rxb6 35.Nxb6 Nh7 36.Nd5 Bxe3
37.Qxe3 Nf6 38.Kxh3 Nxd5 39.exd5 Qxd5 40.Ra1 Qb7 41.Kg3 Qb2 42.Qe1 Rc8  0-1

[Event "12th ch-EUR"]
[Site "Aix-les-Bains FRA"]
[Date "2011.04.02"]
[Round "11.78"]
[White "Manea,Al"]
[Black "Cornette,M"]
[Result "0-1"]
[WhiteElo "2392"]
[BlackElo "2548"]

1.Nf3 Nf6 2.c4 g6 3.g3 Bg7 4.Bg2 O-O 5.O-O d5 6.cxd5 Nxd5 7.Nc3 Nc6 8.d4 Bf5
9.e3 Nxc3 10.bxc3 Na5 11.Nd2 c5 12.Nb3 cxd4 13.cxd4 Rb8 14.Nxa5 Qxa5 15.Bd2 Qa6
16.Qb3 Bd3 17.Rfc1 e5 18.Bb4 Rfc8 19.Bd5 exd4 20.Bxf7+ Kh8 21.Rxc8+ Rxc8
22.exd4 Bxd4 23.Rd1 Bc2 24.Qd5 Bxf2+ 25.Kg2 Qe2  0-1

[Event "1st Evgen Zaveriukha Mem"]
[Site "Lviv UKR"]
[Date "2011.04.02"]
[Round "4.3"]
[White "Timushev,A"]
[Black "Davymuka,Roman"]
[Result "1/2-1/2"]
[WhiteElo "2110"]
[BlackElo "2138"]

1.Nf3 Nf6 2.c4 g6 3.g3 Bg7 4.Bg2 O-O 5.O-O d6 6.Nc3 Nbd7 7.d3 e5 8.Rb1 a5
9.a3 Qe7 10.b4 axb4 11.axb4 c6 12.b5 d5 13.bxc6 bxc6 14.cxd5 cxd5 15.Bg5 Qc5
16.Qd2 Ba6 17.Rfc1 Qd6 18.h3 Rfb8 19.Rxb8+ Rxb8 20.d4 Ne4 21.Nxe4 dxe4 22.dxe5 Qxd2
23.Nxd2 Nxe5 24.Nxe4 Bxe2 25.Bf4 Nd3 26.Bxb8 Nxc1  1/2-1/2

[Event "1st Evgen Zaveriukha Mem"]
[Site "Lviv UKR"]
[Date "2011.04.03"]
[Round "9.4"]
[White "Timushev,A"]
[Black "Masliak,D"]
[Result "0-1"]
[WhiteElo "2110"]
[BlackElo "2166"]

1.c4 Nf6 2.Nf3 g6 3.g3 Bg7 4.Bg2 O-O 5.O-O d6 6.Nc3 Nc6 7.d3 e5 8.Rb1 a5
9.a3 Be6 10.Ng5 Bd7 11.Bd2 h6 12.Nf3 Be6 13.b4 axb4 14.axb4 Qd7 15.b5 Ne7
16.Qc1 Kh7 17.Rd1 Nh5 18.Qc2 f5 19.e3 f4 20.exf4 exf4 21.Re1 Bg4 22.Nh4 Bd4
23.Re4 fxg3 24.Rxd4 gxf2+ 25.Kh1 g5 26.Be3 f1=Q+ 27.Rxf1 Rxf1+ 28.Bxf1 gxh4
29.Qg2 Rg8 30.Qe4+ Nf5 31.Rd5 Rg6 32.Bf2 Nf6 33.Qf4 Nxd5 34.Nxd5 Qg7 35.d4 c5
36.Bd3 Qf7 37.Nc3 Bf3+ 38.Qxf3 Ng3+ 39.Kg2 h3+ 40.Kg1 Qxf3 41.Bxg6+ Kxg6  0-1

[Event "Karposh Open"]
[Site "Skopje MKD"]
[Date "2011.04.03"]
[Round "3"]
[White "Bozilov,D"]
[Black "Ilic,Ljubo"]
[Result "1/2-1/2"]
[WhiteElo "1909"]
[BlackElo "2222"]

1.c4 g6 2.g3 Bg7 3.Bg2 Nf6 4.Nf3 O-O 5.Nc3 d6 6.O-O c6 7.d4 Qa5 8.e4 Bg4
9.h3 Bxf3 10.Bxf3 e5 11.Be3 a6 12.dxe5 dxe5 13.Na4 Nbd7 14.c5 Rfd8 15.Qc2 Qc7
16.Rfd1 Nf8 17.Nb6 Rxd1+ 18.Rxd1 Rd8 19.Nc4 Ne8 20.Rd2 Ne6 21.Rxd8 Qxd8 22.Bg2  1/2-1/2

[Event "Karposh Open"]
[Site "Skopje MKD"]
[Date "2011.04.03"]
[Round "3"]
[White "Stojanovic,Andj"]
[Black "Nedev,Tr"]
[Result "0-1"]
[WhiteElo "2318"]
[BlackElo "2479"]

1.Nf3 Nf6 2.c4 g6 3.g3 Bg7 4.Bg2 O-O 5.O-O d5 6.cxd5 Nxd5 7.Nc3 Nc6 8.Ng5 e6
9.Nge4 Nde7 10.Qa4 a6 11.d3 f5 12.Nc5 Qd6 13.Be3 b6 14.Nb3 Bd7 15.Qh4 e5
16.Bg5 Rf7 17.Bxe7 Rxe7 18.Nd5 Rf7 19.Qc4 Be6 20.Rac1 Rd8 21.Qxc6 Bxd5 22.Bxd5 Qxd5
23.Qxd5 Rxd5 24.Rc2 Rfd7 25.Kg2 e4 26.dxe4 fxe4 27.Rfc1 c5 28.a4 Bh6 29.Rb1 Bf8
30.Rc4 b5 31.axb5 axb5 32.Rxe4 c4 33.Na5 Rc7 34.Rc1 Rd2 35.Kf3 Rxb2 36.Nxc4 Rb4
37.Nd2 Rxc1  0-1

[Event "ch-CHN w 2011"]
[Site "Xinghua Jiangsu CHN"]
[Date "2011.04.03"]
[Round "5"]
[White "Huang Qian"]
[Black "Gu Xiaobing"]
[Result "1-0"]
[WhiteElo "2394"]
[BlackElo "2369"]

1.c4 Nf6 2.Nf3 g6 3.g3 Bg7 4.Bg2 O-O 5.O-O d6 6.Nc3 Nc6 7.Rb1 a5 8.a3 e5
9.d3 Re8 10.Nd2 Bg4 11.b4 axb4 12.axb4 Qc8 13.Re1 Nd4 14.Nb3 c6 15.Be3 Nh5
16.b5 Bh3 17.Bh1 f5 18.Nd2 Rf8 19.Na4 Qc7 20.Nb6 Rab8 21.Bxd4 exd4 22.Qa4 Qxb6
23.bxc6 Qa6 24.Bd5+ Kh8 25.Qxa6 bxa6 26.Rxb8 Rxb8 27.c7 Rc8 28.Rb1 f4 29.Rb8 Bf8
30.Bb7 Rxc7 31.Rxf8+ Kg7 32.Rb8 a5 33.Bg2 Bd7 34.Nb3 a4 35.Nxd4 Nf6 36.Ra8 fxg3
37.hxg3 Rc5 38.Ra7 Kh6 39.Ra6 Ne8 40.Bf3 Kg5 41.e3 h5 42.Bd1 Kf6 43.Bxa4 Bxa4
44.Rxa4 d5 45.Ra6+ Ke7 46.Ne6 Rc8 47.cxd5 Rc3 48.Nf4 g5 49.Ng6+ Kd8 50.Ra8+ Kd7
51.Ne5+ Ke7 52.Ra7+ Kd6 53.Nf7+ Kxd5 54.Nxg5 Nf6 55.Ra5+ Kd6 56.Ne4+ Nxe4
57.dxe4 h4 58.gxh4 Rc4 59.Rd5+ Ke6 60.Rd4  1-0

[Event "11th European Senior"]
[Site "Courmayeur ITA"]
[Date "2011.04.06"]
[Round "1.38"]
[White "Deiana,G"]
[Black "Nickl,K"]
[Result "0-1"]
[WhiteElo "1689"]
[BlackElo "2140"]

1.Nf3 Nf6 2.c4 g6 3.g3 Bg7 4.Bg2 O-O 5.O-O d6 6.d4 Nc6 7.Nc3 a6 8.e4 Bg4
9.h3 Bxf3 10.Bxf3 Nd7 11.Be3 e5 12.d5 Nd4 13.Bg2 c5 14.dxc6 bxc6 15.f4 Qb6
16.Rb1 Qb4 17.Qa4 Qc5 18.Bf2 Nb6 19.Qa3 Qxa3 20.bxa3 Nxc4 21.Rfd1 Nxa3 22.Rb7 Nab5
23.Nxb5 axb5 24.Bxd4 exd4 25.e5 dxe5  0-1

[Event "ch-POR Youth U18"]
[Site "Torres Vedras POR"]
[Date "2011.04.10"]
[Round "1.1"]
[White "Ferreira,Jor1"]
[Black "Catarro,Jose Joao Dias"]
[Result "1-0"]
[WhiteElo "2367"]
[BlackElo "1615"]

1.Nf3 g6 2.c4 Bg7 3.g3 Nf6 4.Bg2 O-O 5.O-O d6 6.d4 c6 7.Nc3 Nbd7 8.Qc2 Re8
9.Rd1 Qc7 10.e4 e5 11.d5 c5 12.a3 a6 13.Qd3 Nf8 14.b4 b6 15.Rb1 Bd7 16.Bb2 Rec8
17.Bf1 Ne8 18.Nh4 Qd8 19.Bc1 Qe7 20.Bd2 Rcb8 21.Rb3 Qd8 22.Rdb1 Rc8 23.R1b2 h6
24.bxc5 bxc5 25.Rb7 Rcb8 26.Qb1 Rxb7 27.Rxb7 Bf6 28.Ng2 g5 29.Ne3 Ng6 30.Be2 Ng7
31.Bg4 Nf8 32.Bxd7 Nxd7 33.Ng4 Rb8 34.Nxf6+  1-0

[Event "ch-POR Youth U20"]
[Site "Torres Vedras POR"]
[Date "2011.04.11"]
[Round "3.2"]
[White "Rego,P"]
[Black "Martins,Andr"]
[Result "1/2-1/2"]
[WhiteElo "2122"]
[BlackElo "1733"]

1.Nf3 Nf6 2.c4 g6 3.g3 Bg7 4.Bg2 O-O 5.O-O d6 6.Nc3 c6 7.d3 Nbd7 8.Rb1 e5
9.Qc2 a5 10.a3 Nc5 11.b4 axb4 12.axb4 Ne6 13.e3 Bd7 14.Bb2 Qc7 15.Ra1 h6
16.Qb3 Nh7 17.Rxa8 Rxa8 18.Rd1 Nhg5 19.Nxg5 hxg5 20.Ne2 g4 21.e4 Qb6 22.Bc1 Qa6
23.Bd2 Bf6 24.Qb2 Qa3 25.Bc3 Qxb2 26.Bxb2 Ra2 27.Rb1 Ng5 28.Nc3 Ra8 29.Ra1 Rxa1+
30.Bxa1 Nf3+ 31.Bxf3 gxf3 32.Kf1 Bg5 33.Ke1 f5 34.Bb2 Kf7 35.Kd1 Be6 36.b5 Ke7
37.Ba3 Kd7 38.bxc6+ bxc6 39.Bb2 Kc7 40.h3  1/2-1/2

[Event "11th European Senior"]
[Site "Courmayeur ITA"]
[Date "2011.04.12"]
[Round "7.46"]
[White "Deiana,G"]
[Black "Centofante,M"]
[Result "1-0"]
[WhiteElo "1689"]
[BlackElo "1619"]

1.Nf3 Nf6 2.c4 g6 3.g3 Bg7 4.Bg2 O-O 5.O-O d6 6.d4 c6 7.Nc3 a6 8.e4 Bg4 9.h3 Bxf3
10.Qxf3 Qc7 11.Be3 e6 12.a4 Nbd7 13.a5 c5 14.dxc5 dxc5 15.Qe2 Nh5 16.Rfd1 Bxc3
17.bxc3 Ne5 18.g4 Ng7 19.f4 Nc6 20.Bxc5 Rfe8 21.e5 Nxa5 22.Bd6 Qb6+ 23.c5 Qb5
24.Qe4 Nc6 25.Rdb1 Qxb1+ 26.Qxb1 Ra7 27.Qb6 Rea8 28.Bxc6 bxc6 29.Qxc6 Ne8
30.Rb1  1-0

[Event "13th Dubai Open"]
[Site "Dubai UAE"]
[Date "2011.04.13"]
[Round "4"]
[White "Pantsulaia,L"]
[Black "Shyam,SM"]
[Result "0-1"]
[WhiteElo "2595"]
[BlackElo "2457"]

1.Nf3 Nf6 2.c4 g6 3.g3 Bg7 4.Bg2 O-O 5.O-O d5 6.cxd5 Nxd5 7.d4 Nb6 8.Nc3 Nc6
9.e3 Re8 10.Re1 e5 11.d5 Ne7 12.e4 Bg4 13.h3 Bxf3 14.Qxf3 c6 15.Rd1 cxd5
16.exd5 Nf5 17.Qd3 Nc8 18.Ne4 Ncd6 19.Bg5 Qb6 20.Nf6+ Bxf6 21.Bxf6 Nxg3  0-1

[Event "ch-POR Youth U20"]
[Site "Torres Vedras POR"]
[Date "2011.04.13"]
[Round "5.1"]
[White "Rego,P"]
[Black "Silva,Mi1"]
[Result "1-0"]
[WhiteElo "2122"]
[BlackElo "2035"]

1.Nf3 Nf6 2.c4 g6 3.g3 Bg7 4.Bg2 O-O 5.O-O d6 6.Nc3 e5 7.d3 Nbd7 8.Rb1 a5
9.a3 c6 10.b4 axb4 11.axb4 Qc7 12.Qb3 Re8 13.Nd2 Nf8 14.b5 Bd7 15.Ba3 Ne6
16.b6 Qb8 17.Nde4 Nxe4 18.Nxe4 d5 19.Bd6 Qd8 20.Nc5 Nxc5 21.Bxc5 Be6 22.Ra1 dxc4
23.dxc4 Bf8 24.Be3 Qe7 25.Ra7 Rxa7 26.bxa7 Qb4 27.Qxb4 Bxb4 28.Rb1 Rd8 29.Bb6  1-0

[Event "Zagreb Open B"]
[Site "Zagreb CRO"]
[Date "2011.04.15"]
[Round "5.10"]
[White "Dugandzic,B"]
[Black "Brkic,I"]
[Result "1-0"]
[WhiteElo "2210"]
[BlackElo "2133"]

1.c4 Nf6 2.g3 g6 3.Bg2 Bg7 4.Nf3 O-O 5.O-O c6 6.d4 d5 7.b3 Re8 8.Bb2 Bf5
9.Nc3 Be4 10.Nxe4 Nxe4 11.Nd2 f5 12.Nxe4 fxe4 13.Qd2 Nd7 14.cxd5 cxd5 15.Rac1 Qb6
16.Bh3 e6 17.Rc2 Rac8 18.Rfc1 Rxc2 19.Rxc2 Bf8 20.Qc1 Bd6 21.Rc8 Kf7 22.Rxe8 Kxe8
23.Bxe6 Qb5 24.Qc2 Ke7 25.Bh3 Qc6 26.Qd2 Nf6 27.Bc3 Kf7 28.e3 h5 29.Bf1 a6
30.Bb4 Bc7 31.Ba3 Bd6 32.Bxd6 Qxd6 33.Qc3 g5 34.b4 g4 35.a3 Qd7 36.Qc5 Ne8
37.b5 Nc7 38.bxa6 bxa6 39.Qb6 Ne6 40.h4 gxh3 41.Bxh3 Qe7 42.Qxa6 Ng5 43.Bg2 Kg7
44.Qc6 Qd8 45.Qb5 Nh7 46.a4 Nf6 47.a5 Qf8 48.Bh3 Qa3 49.a6 Qa1+ 50.Bf1 Qa2
51.Qe2 Qa1 52.Kg2 Kg6 53.Qb5 Qa2 54.Be2 Kg5 55.Bd1 Qd2 56.Bb3 Ng4 57.Qxd5+ Kh6
58.Qd6+ Kg7 59.Qf4 Nf6 60.Qg5+  1-0

[Event "XXV Catalunya Open"]
[Site "Barcelona ESP"]
[Date "2011.04.16"]
[Round "1"]
[White "Molinas Garcia,F"]
[Black "Barbero Senidic,A"]
[Result "0-1"]
[WhiteElo "1789"]
[BlackElo "2267"]

1.c4 Nf6 2.g3 g6 3.Bg2 Bg7 4.Nf3 O-O 5.O-O d6 6.Nc3 Nc6 7.Rb1 e5 8.d3 a5
9.a3 Nh5 10.b4 axb4 11.axb4 f5 12.Qb3 Kh8 13.e4 f4 14.b5 Nb8 15.Bb2 Nd7 16.Na4 g5
17.g4 Rxa4 18.d4 Ra8 19.gxh5 g4 20.h6 Bxh6 21.dxe5 gxf3 22.exd6+ Bg7 23.Bxg7+ Kxg7
24.Bxf3 cxd6 25.Kh1 Ne5 26.Rg1+ Kh8 27.Bh5 Be6 28.Rbc1 Qh4  0-1

[Event "Branko Vukmanovic Mem Open"]
[Site "Tivat MNE"]
[Date "2011.04.16"]
[Round "1.9"]
[White "Stanojoski,Z"]
[Black "Kosoric,L"]
[Result "1-0"]
[WhiteElo "2480"]
[BlackElo "2103"]

1.c4 Nf6 2.g3 g6 3.Bg2 Bg7 4.Nf3 O-O 5.O-O d6 6.Nc3 c6 7.d3 e5 8.Bd2 Nbd7
9.Qc1 Ne8 10.b4 Nc7 11.Bh6 Ne6 12.b5 Ndc5 13.Bxg7 Kxg7 14.bxc6 bxc6 15.Rd1 Qf6
16.e3 Nd8 17.d4 Bg4 18.dxc5 Bxf3 19.Rxd6 Ne6 20.Ne4 Qf5 21.Bxf3 Qxf3 22.Qc2 Qf5
23.Rc1 Rab8 24.Rxc6 Rb2 25.Qxb2 Qxe4 26.Rxe6 fxe6 27.Qd2 Qf3 28.Rf1 h5 29.Qd7+ Kf6
30.h4 Kf5 31.c6 Kg4 32.Qxe6+ Rf5 33.Kh2 g5 34.e4  1-0

[Event "TCh-CZE 2010-11"]
[Site "Czech Rep CZE"]
[Date "2011.04.17"]
[Round "11.7"]
[White "Neckar,L"]
[Black "Jasny,S"]
[Result "1/2-1/2"]
[WhiteElo "2349"]
[BlackElo "2351"]

1.Nf3 Nf6 2.c4 g6 3.g3 Bg7 4.Bg2 O-O 5.d4 d6 6.Nc3 Nbd7 7.O-O e5 8.h3 c6
9.e4 exd4 10.Nxd4 Re8 11.Re1 Nc5 12.Rb1 a5 13.b3 Nfd7 14.Be3 Ne5 15.Re2 h5
16.f4 Ned7 17.Bf2 Qf6 18.Qd2 a4 19.g4 hxg4 20.hxg4 axb3 21.g5 Qe7 22.axb3 f6
23.gxf6 Qxf6 24.Rd1 Nf8 25.e5 dxe5 26.fxe5 Rxe5 27.b4 Rxe2 28.Qxe2 Nce6 29.Ne4 Qe5
30.Nxe6 Nxe6 31.Bg3 Qb2 32.Qxb2 Bxb2 33.Nd6 Nd4 34.Re1 Bg4 35.Re7 Ne2+ 36.Kh2 Bf6
37.Rxb7 Ra3 38.Ne4 Bd4 39.Rb8+ Kg7 40.Bd6 Ra2 41.Rb7+ Kg8 42.Rb8+ Kg7 43.Rb7+ Kg8  1/2-1/2

[Event "Norsk Open A"]
[Site "Fagernes NOR"]
[Date "2011.04.17"]
[Round "7"]
[White "Torgersen,T"]
[Black "Tari,A"]
[Result "0-1"]
[WhiteElo "2041"]
[BlackElo "2155"]

1.Nf3 Nf6 2.c4 g6 3.g3 Bg7 4.Bg2 O-O 5.O-O c5 6.Nc3 Nc6 7.Rb1 d5 8.cxd5 Nxd5
9.Nxd5 Qxd5 10.b3 Rd8 11.Bb2 Bxb2 12.Rxb2 Bg4 13.d3 Qh5 14.a3 Rac8 15.Qb1 b5
16.Rc1 Nd4 17.Nxd4 cxd4 18.Rcc2 Rxc2 19.Qxc2 Rc8 20.Qd2 Qc5 21.h3 Be6 22.Kh2 Qxa3
23.Ra2 Qc5 24.Ra6 Bxb3 25.Qa5 Rc7 26.e3 e5 27.exd4 exd4 28.Qe1 Be6 29.Rxe6 fxe6
30.Qxe6+ Kg7 31.Bd5 Qe7 32.Qg8+ Kh6 33.Qh8 Rd7 34.Qxd4 Qg5 35.Qh8 Qxd5 36.Qf8+ Rg7  0-1

[Event "TCh-HUN 2010-11"]
[Site "Mako HUN"]
[Date "2011.04.17"]
[Round "9"]
[White "Szalai,K"]
[Black "Papp,T1"]
[Result "1-0"]
[WhiteElo "2391"]
[BlackElo "2316"]

1.Nf3 Nf6 2.c4 g6 3.g3 Bg7 4.Bg2 O-O 5.O-O d6 6.Nc3 e5 7.d4 exd4 8.Nxd4 Nbd7
9.b3 Re8 10.Bb2 a6 11.Qc2 Rb8 12.Rad1 Ng4 13.h3 Ngf6 14.Rfe1 Ne5 15.f4 Ned7
16.e4 Nh5 17.Qf2 c5 18.Nde2 b5 19.cxb5 axb5 20.Rxd6 b4 21.Nd1 Bf8 22.Rd2 Qa5
23.Ne3 Nb6 24.g4 Ng7 25.Ng3 Ba6 26.e5 c4 27.bxc4 Nxc4 28.Nxc4 Bxc4 29.Ne4 Be7
30.f5 Bd8 31.Kh1 Bxa2 32.e6 fxe6 33.Bxg7  1-0

[Event "XXV Catalunya Open"]
[Site "Barcelona ESP"]
[Date "2011.04.21"]
[Round "6"]
[White "Medina de Baets,V"]
[Black "Perpinya Rofes,L"]
[Result "0-1"]
[WhiteElo "1957"]
[BlackElo "2368"]

1.Nf3 Nf6 2.g3 g6 3.Bg2 Bg7 4.c4 O-O 5.Nc3 d6 6.O-O Nc6 7.a3 e5 8.d3 a5 9.Rb1 Re8
10.Bg5 h6 11.Bxf6 Bxf6 12.Ne1 Be6 13.Nd5 Bg7 14.Nc2 Nd4 15.Nxd4 exd4 16.Nf4 Bc8
17.Re1 h5 18.Qa4 Bh6 19.e3 dxe3 20.Rxe3 Bd7 21.Qb3 c6 22.Rbe1 Qc7 23.Re7 a4
24.Qc2 Qa5 25.Qc3 Qxc3 26.bxc3 Kf8 27.Rxe8+ Rxe8 28.Rxe8+ Kxe8 29.Ne2 Bg4
30.f3 Bf5 31.d4 Bd2 32.d5 Bd3 33.Kf2 Bxc4 34.dxc6 bxc6 35.f4 d5 36.h3 Kd7
37.Bf3 Kd6 38.f5 Kc5 39.fxg6 fxg6 40.Nf4 Bxc3 41.Nxg6 Bb2 42.Bd1 Bb3  0-1

[Event "Cez Cup GM 2011"]
[Site "Frydek Mistek CZE"]
[Date "2011.04.21"]
[Round "4"]
[White "Payen,Ar"]
[Black "Kriebel,T"]
[Result "1/2-1/2"]
[WhiteElo "2361"]
[BlackElo "2296"]

1.c4 Nf6 2.Nf3 g6 3.g3 Bg7 4.Bg2 O-O 5.O-O d6 6.Nc3 Nc6 7.d3 e5 8.Rb1 a5
9.a3 Re8 10.Bg5 h6 11.Bxf6 Bxf6 12.b4 axb4 13.axb4 Be6 14.Nd2 Rb8 15.b5 Ne7
16.Qb3 Bg7 17.Rfc1 c6 18.Qb4 d5 19.Nb3 Bf8 20.Nc5 Nf5 21.bxc6 bxc6 22.Nxe6 Bxb4
23.Nxd8 Rexd8 24.cxd5 Bxc3  1/2-1/2

[Event "17th Asian Cities"]
[Site "Jakarta INA"]
[Date "2011.04.23"]
[Round "2.1"]
[White "Sanjay,N"]
[Black "Wan Yunguo"]
[Result "1/2-1/2"]
[WhiteElo "2335"]
[BlackElo "2458"]

1.Nf3 Nf6 2.c4 g6 3.g3 Bg7 4.Bg2 O-O 5.O-O c6 6.d4 d5 7.cxd5 cxd5 8.Nc3 Ne4
9.Ng5 Nxc3 10.bxc3 h6 11.Nh3 Nc6 12.Nf4 e6 13.h4 Bd7 14.h5 g5 15.Nd3 Rc8
16.Bd2 Na5 17.f4 Nc4 18.Ne5 Bxe5 19.fxe5 f5 20.exf6 Rxf6 21.Qc2 Be8 22.Rxf6 Qxf6
23.Rf1 Qe7 24.g4 Bf7 25.Bc1 b5 26.e4 dxe4 27.Qxe4 Rd8 28.Qe2 Qc7 29.Qf3 Qe7
30.Qc6 Qd7 31.Qf3 Qe7 32.Qc6 Qd7 33.Qf3 Qe7  1/2-1/2

[Event "Oberhausen Easter Open"]
[Site "Oberhausen GER"]
[Date "2011.04.24"]
[Round "4.4"]
[White "Hirschberg,V"]
[Black "Podzielny,KH"]
[Result "1/2-1/2"]
[WhiteElo "2223"]
[BlackElo "2455"]

1.Nf3 Nf6 2.c4 g6 3.g3 Bg7 4.Bg2 O-O 5.d4 d6 6.O-O c6 7.Nc3 Qa5 8.e4 Bg4
9.h3 Bxf3 10.Qxf3 Nfd7 11.Rd1 a6 12.Rb1 b5 13.b4 Qc7 14.a4 bxc4 15.Qe2 a5
16.Qxc4 axb4 17.Qxb4 Na6 18.Qc4 Rfc8 19.Bd2 e6 20.Rdc1 Qa7 21.Be3 d5 22.exd5 cxd5
23.Qb3 Nc7 24.Qb7 Ne8 25.Qxa7 Rxa7 26.Nb5 Rxc1+ 27.Rxc1 Ra8 28.Bd2 Nef6 29.a5 Ne4
30.Be1 Bh6 31.Rc7 Ndf6 32.f4 g5 33.Na7 Nd6 34.Bb4 Nfe8 35.Rd7 gxf4 36.Nc6 Nc4
37.g4 Bf8 38.Be1 Bd6 39.Rd8 Rxd8 40.Nxd8 Nc7 41.Bf1 Kf8 42.Bd3 h6 43.Nb7 Ba3
44.Kf2 Ke7 45.Kf3 Bc1 46.Bb4+ Kd7 47.Nc5+ Kc6 48.Nb3 Be3 49.Bf8 e5 50.dxe5 Ne6
51.Bxh6 Nxe5+ 52.Ke2 d4 53.Be4+ Kb5 54.g5 f3+ 55.Bxf3 Nf4+ 56.Kd1 Nxf3 57.g6 fxg6
58.Bxf4 Bxf4 59.Ke2 Ng1+ 60.Kd3 Nxh3 61.Nxd4+ Kxa5 62.Ke4 Bg5 63.Nc6+  1/2-1/2

[Event "ch-USA w KO"]
[Site "Saint Louis USA"]
[Date "2011.04.24"]
[Round "1.2"]
[White "Baginskaite,C"]
[Black "Abrahamyan,T"]
[Result "0-1"]
[WhiteElo "2342"]
[BlackElo "2326"]

1.Nf3 Nf6 2.c4 g6 3.g3 Bg7 4.Bg2 O-O 5.O-O d6 6.d4 Nc6 7.Nc3 a6 8.Bf4 Rb8
9.Rc1 Na5 10.Nd5 b5 11.Nxf6+ Bxf6 12.c5 d5 13.c6 Nc4 14.b3 Nd6 15.Ne5 e6
16.Ng4 Bg7 17.Bh6 Bxh6 18.Nxh6+ Kg7 19.Ng4 h5 20.Ne5 Rb6 21.Qc2 b4 22.Nd3 Qf6
23.e3 h4 24.Ne5 Rh8 25.Qe2 Nf5 26.Qf3 Qg5 27.Qf4 Qxf4 28.gxf4 h3 29.Bf3 f6
30.Nd3 a5 31.Rc5 Ba6 32.Be2 Bxd3 33.Bxd3 Ra8 34.Bxf5 gxf5 35.f3 a4 36.Rc2 axb3
37.axb3 Kf7 38.Kf2 Rg8 39.Rg1 Rxg1 40.Kxg1 Rb8 41.Ra2 Ke7 42.Kf1 Kd6 43.Ra6 Rg8
44.Ra4 Rg2 45.Rxb4 Rxh2 46.Rb8 Rb2 47.Kg1 h2+ 48.Kh1 Re2 49.Re8 Rxe3 50.Kxh2 Rxb3
51.Kg3 Rd3 52.Rf8 Kxc6 53.Rxf6 Kd6 54.Kh4 Rxf3  0-1

[Event "ch-USA w KO"]
[Site "Saint Louis USA"]
[Date "2011.04.25"]
[Round "1.4"]
[White "Baginskaite,C"]
[Black "Abrahamyan,T"]
[Result "0-1"]
[WhiteElo "2342"]
[BlackElo "2326"]

1.Nf3 Nf6 2.c4 g6 3.g3 Bg7 4.Bg2 O-O 5.O-O d6 6.d4 Nc6 7.Nc3 a6 8.b3 Rb8
9.Nd5 e6 10.Nxf6+ Bxf6 11.Bb2 e5 12.d5 Ne7 13.Nd2 Bg7 14.e4 f5 15.exf5 Nxf5
16.Ne4 Nd4 17.f4 Bf5 18.fxe5 dxe5 19.c5 Qd7 20.c6 bxc6 21.dxc6 Qxc6 22.Rc1 Qd7
23.Nc5 Qd6 24.g4 Bd7 25.Nxd7 Qxd7 26.h3 Rfe8 27.Qd3 Rbd8 28.Be4 Qe7 29.Kg2 Ne6
30.Qc4 Kh8 31.Rc2 Nf4+ 32.Kh2 Qh4 33.Rf3 Re7 34.Qf1 Red7 35.Qf2 Qe7 36.h4 Ne6
37.Bc6 Rd3 38.Rf7 Qd6 39.Rxg7 Nxg7  0-1

[Event "Victory Day GM"]
[Site "Moscow RUS"]
[Date "2011.04.28"]
[Round "1"]
[White "Gorbatov,A"]
[Black "Sychev,K"]
[Result "1/2-1/2"]
[WhiteElo "2396"]
[BlackElo "2258"]

1.c4 Nf6 2.Nf3 g6 3.g3 Bg7 4.Bg2 O-O 5.O-O d6 6.Nc3 Nc6 7.d3 e5 8.Rb1 a5
9.a3 Bg4 10.h3 Bd7 11.b4 axb4 12.axb4 Re8 13.e4 Qc8 14.Kh2 h6 15.Be3 Nd4
16.Ng1 Ra3 17.Qd2 Qa8 18.f4 Nb3 19.Qc2 exf4 20.gxf4 Na1 21.Qf2 Rxc3 22.Rxa1 Ra3
23.Bd4 Nh5 24.Bxg7 Nxg7 25.Qb2 Rxa1 26.Rxa1 Qd8 27.Rf1 Qh4 28.Qd2 Nh5 29.f5 Qg3+
30.Kh1 Qe5 31.Ne2 Bxf5 32.Qxh6 Qb2 33.Bf3 Bxh3 34.Rg1 Qg7 35.Qg5 Nf6 36.Nf4 Qh8
37.Qg3 Bg4+ 38.Kg2 Bxf3+ 39.Qxf3 Ra8 40.Rh1 Ra2+ 41.Ne2 Nh5 42.Rf1 Qf6 43.Qxf6 Nxf6
44.Kf3 Nd7 45.Nc3 Ne5+ 46.Ke3 Rh2 47.Rd1 Rh3+ 48.Ke2 Nxc4 49.Nb5 Rh2+ 50.Kf3 Ne5+
51.Kg3 Rc2 52.d4 Nc4 53.d5 Ne5 54.Ra1 Rc4 55.Ra7 Rxe4 56.Nxc7 Rxb4 57.Ra8+ Kh7
58.Rd8 Rg4+ 59.Kh3 Rc4 60.Ne8 Rc3+ 61.Kg2 Nc4 62.Rd7 Ne3+ 63.Kf2 Ng4+ 64.Kg2 Ne3+
65.Kf2 Ng4+ 66.Kg2 Ne5 67.Rxb7 Rc2+ 68.Kg3 Rc3+ 69.Kg2 Nc4 70.Rxf7+ Kh6 71.Rd7 Ne3+
72.Kf2 Nxd5 73.Nxd6 Rc2+ 74.Kf3 Rc3+ 75.Kf2 Rc2+ 76.Kf3 Rc3+ 77.Kf2  1/2-1/2

[Event "Karlovy Vary Open"]
[Site "Karlovy Vary CZE"]
[Date "2011.05.01"]
[Round "5.18"]
[White "Janousek,Ladislav"]
[Black "Klimek,Pe"]
[Result "1/2-1/2"]
[WhiteElo "1696"]
[BlackElo "1947"]

1.c4 Nf6 2.g3 g6 3.Bg2 Bg7 4.Nf3 O-O 5.O-O c6 6.Nc3 d5 7.d3 d4 8.Na4 Re8
9.Nc5 b6 10.Nb3 e5 11.Bg5 h6 12.Bd2 Bb7 13.a4 c5 14.a5 Nbd7 15.e4 dxe3 16.Bxe3 e4
17.Ne1 Rb8 18.axb6 axb6 19.d4 cxd4 20.Bxd4 Ne5 21.Qe2 Qc8 22.Bxe5 Rxe5 23.Nd2 e3
24.fxe3 Bxg2 25.Nxg2  1/2-1/2

[Event "Ostravsky Konik A"]
[Site "Ostrava CZE"]
[Date "2011.05.01"]
[Round "2.15"]
[White "Ganaus,H"]
[Black "Vesely,Ma"]
[Result "1/2-1/2"]
[WhiteElo "2304"]
[BlackElo "2177"]

1.Nf3 Nf6 2.c4 g6 3.g3 Bg7 4.Bg2 O-O 5.O-O c6 6.d4 d6 7.Nc3 Nbd7 8.Rb1 a5
9.b3 Re8 10.Bb2 Qc7 11.e4 e5 12.Re1 exd4 13.Qxd4 Rd8 14.Rbd1 Nf8 15.e5 Ne8
16.c5 Ne6 17.cxd6 Nxd4 18.dxc7 Nxf3+ 19.Bxf3 Rxd1 20.Rxd1 Nxc7 21.Rd8+ Bf8
22.Ne4 Be6 23.Nf6+ Kg7 24.Ne8+ Kg8 25.Rxa8 Nxa8 26.Bc3 a4 27.bxa4 Bxa2 28.a5 Bc4
29.h4 Be7 30.Nd6 Ba6 31.Bg4 Nc7 32.Bc8 Nb5 33.Nxb5 cxb5 34.f4 b4 35.Bb2 Bd8
36.Kf2 Bxa5 37.g4 Bd8 38.h5 Bh4+ 39.Ke3 Be1 40.hxg6 hxg6 41.Kd4 Bf2+ 42.Ke4 Be2
43.e6 fxe6 44.Bxe6+ Kf8 45.g5 b5 46.f5 Bc4 47.Bc8 Be1 48.Kd4 Bd2 49.fxg6 Bxg5
50.Kc5 Be7+ 51.Kc6 Bg5 52.Ba6 Bd3  1/2-1/2

[Event "Ostravsky Konik A"]
[Site "Ostrava CZE"]
[Date "2011.05.02"]
[Round "3.32"]
[White "Stehlik,Jiri"]
[Black "Rabatin,J"]
[Result "0-1"]
[WhiteElo "1990"]
[BlackElo "2119"]

1.Nf3 Nf6 2.c4 g6 3.g3 Bg7 4.Bg2 O-O 5.O-O d6 6.Nc3 e5 7.d3 c6 8.Rb1 a5 9.a3 h6
10.b4 axb4 11.axb4 Be6 12.b5 Nbd7 13.Nd2 Qc7 14.Bb2 d5 15.Qc1 Rfc8 16.bxc6 bxc6
17.Ba3 Rcb8 18.Rxb8+ Qxb8 19.Ncb1 Bf8 20.Bxf8 Qxf8 21.Qb2 Rb8 22.Qc2 Qb4
23.h3 Kg7 24.Kh2 Nc5 25.Rc1 Nb3 26.Nxb3 Qxb3 27.Nd2 Qa3 28.Rb1 Rxb1 29.Nxb1 Qc5
30.e3 e4 31.dxe4 dxc4 32.Qc3 Qb5 33.Nd2 c5 34.Bf1 Qb4 35.Qxb4 cxb4 36.Nxc4 Bxc4
37.Bxc4 Nxe4 38.Kg2 Nd2 39.Bd3 b3  0-1

[Event "Ostravsky Konik A"]
[Site "Ostrava CZE"]
[Date "2011.05.06"]
[Round "7.1"]
[White "Mirumian,V"]
[Black "Kislinsky,A"]
[Result "0-1"]
[WhiteElo "2513"]
[BlackElo "2504"]

1.Nf3 Nf6 2.g3 g6 3.Bg2 Bg7 4.c4 O-O 5.O-O a6 6.Nc3 Nc6 7.d3 Rb8 8.Rb1 Nh5
9.Bd2 e5 10.b4 Ne7 11.c5 b6 12.Qc1 d5 13.cxd6 cxd6 14.Bh6 f5 15.e4 f4 16.Bxg7 Nxg7
17.d4 Bg4 18.dxe5 Bxf3 19.Bxf3 dxe5 20.Bg4 h5 21.Bh3 Nc6 22.Ne2 Qf6 23.Qc4+ Kh8
24.Rbd1 g5 25.Bd7 f3 26.Nc1 Nd4 27.Nb3 b5 28.Qc5 Ne2+ 29.Kh1 Rb6 30.Rd5 h4
31.Rxe5 Rd6 32.Bf5 Rfd8 33.Bh3 hxg3 34.fxg3 Qh6 35.Rxf3 Qxh3 36.Rd5 Nf4  0-1